Online Catalogue and eLibrary

Kollakari danawadayata erehiwa maxswadaya (Record no. 5044)

MARC details
000 -LEADER
fixed length control field 00430nam a2200157Ia 4500
005 - DATE AND TIME OF LATEST TRANSACTION
control field 20250624020035.0
008 - FIXED-LENGTH DATA ELEMENTS--GENERAL INFORMATION
fixed length control field 240331s9999 xx 000 0 und d
020 ## - INTERNATIONAL STANDARD BOOK NUMBER
ISBN 9559553305
082 ## - DDC Classification
Item Number - Author Mark AND
Class No. 335
100 ## - MAIN ENTRY--PERSONAL NAME
Personal name Andradi,T
245 #0 - TITLE STATEMENT
Title Kollakari danawadayata erehiwa maxswadaya
260 ## - PUBLICATION, DISTRIBUTION, ETC.
Place of publication, distribution, etc. Moratuwa
Name of publisher, distributor, etc. Kumari Printers
Date of publication, distribution, etc. 1993
300 ## - PHYSICAL DESCRIPTION
Extent (e.g. Volumes, Pages etc.) 447 p .,
500 ## - GENERAL NOTE
General note A comparative historical analysis - Against Marxism
942 ## - Koha item type (Biblio)
Koha item type Books in Stacks (Lending)
Holdings
Lost status Damaged status Collection code Home library Current library Shelving location Date acquired Full call number Accession Number Item type
    Lending WERC Library WERC Library Social Science Cupboard 03/31/2024 335 AND 3336 Books in Stacks (Lending)

© WERC Library